Les communes françaises les plus peuplées finissant par "-sur-Loire" - Statistiques

Statistiques générales
  • Ce quiz a été pris 20 fois
  • Le résultat moyen est 5 sur 10
Statistiques - réponses
Population Département Commune % Correct
9.786 Nièvre Cosne-Cours-sur-Loire
89%
28.373 Loire-Atlantique Saint-Sébastien-sur-Loire
79%
16.766 Indre-et-Loire Saint-Cyr-sur-Loire
63%
8.874 Haute-Loire Monistrol-sur-Loire
53%
16.227 Loire-Atlantique Sainte-Luce-sur-Loire
53%
18.514 Maine-et-Loire Mauges-sur-Loire
47%
10.956 Loire-Atlantique Thouaré-sur-Loire
42%
11.261 Indre-et-Loire Montlouis-sur-Loire
32%
8.470 Loiret Châteauneuf-sur-Loire
21%
7.158 Loire-Atlantique Divatte-sur-Loire
21%
Aucun quiz correspondant
Distribution des résultats
% des personnes avec chaque résultat
Percentile par nombre de réponses
Votre historique - résultats
Vous n’avez pas pris ce quiz